| 000 | 00373nam a2200157Ia 4500 | ||
|---|---|---|---|
| 008 | 151213s9999 xx 000 0 und d | ||
| 100 | _aRamji Lall | ||
| 245 |
_aA Tale Of Two Cities _cRamji Lall |
||
| 250 | _a6th | ||
| 260 |
_aNew Delhi _bAarti Book Centre _c2002 |
||
| 300 | _a7325 p. | ||
| 650 | _aEnglish | ||
| 650 | _aEnglish | ||
| 700 | _aRamji Lall | ||
| 999 |
_c3895 _d3895 |
||